Geologic studies, Project Gnome, Eddy County, New Mexico, (Record no. 30432)

MARC details
000 -LEADER
fixed length control field 01098cam a2200277 4500
001 - CONTROL NUMBER
control field gs 68000186
003 - CONTROL NUMBER IDENTIFIER
control field DLC
005 - DATE AND TIME OF LATEST TRANSACTION
control field 20260227111422.0
008 - FIXED-LENGTH DATA ELEMENTS--GENERAL INFORMATION
fixed length control field 690606s1968 dcuab b 00010 eng c
010 ## - LIBRARY OF CONGRESS CONTROL NUMBER
LC control number gs 68000186 //r862
040 ## - CATALOGING SOURCE
Original cataloging agency U.S. Geological Survey Library
050 0# - LIBRARY OF CONGRESS CALL NUMBER
Classification number QE75
Item number .P9 no. 589
051 ## - LIBRARY OF CONGRESS COPY, ISSUE, OFFPRINT STATEMENT
Classification number QE144.E3
Item number G37
Copy information Copy 2.
082 ## - DEWEY DECIMAL CLASSIFICATION NUMBER
Classification number 551.1/3
100 10 - MAIN ENTRY--PERSONAL NAME
Personal name Gard, Leonard Meade,
Dates associated with a name 1923-
245 10 - TITLE STATEMENT
Title Geologic studies, Project Gnome, Eddy County, New Mexico,
Statement of responsibility, etc. by Leonard M. Gard, Jr.
260 0# - PUBLICATION, DISTRIBUTION, ETC.
Place of publication, distribution, etc. Washington,
Name of publisher, distributor, etc. U.S. Dept. of the Interior [Geological Survey; for sale by the Supt. of Docs.] U.S. Govt. Print. Off.,
Date of publication, distribution, etc. 1968.
300 ## - PHYSICAL DESCRIPTION
Extent vi, 33 p.
Other physical details illus. (part col.) maps (2 fold., 1 col. in pocket)
Dimensions 29 cm.
490 1# - SERIES STATEMENT
Series statement United States. Geological Survey. Professional paper
Volume/sequential designation 589
500 ## - GENERAL NOTE
General note Prepared on behalf of the U.S. Atomic Energy Commission.
504 ## - BIBLIOGRAPHY, ETC. NOTE
Bibliography, etc. note Bibliography: p. 32-33.
650 #0 - SUBJECT ADDED ENTRY--TOPICAL TERM
Topical term or geographic name entry element Geology
Geographic subdivision New Mexico
-- Eddy Co.
650 #0 - SUBJECT ADDED ENTRY--TOPICAL TERM
Topical term or geographic name entry element Project Gnome.
710 20 - ADDED ENTRY--CORPORATE NAME
Corporate name or jurisdiction name as entry element U.S. Atomic Energy Commission.
830 #0 - SERIES ADDED ENTRY--UNIFORM TITLE
Uniform title Geological Survey professional paper ;
Volume/sequential designation 589.

No items available.

Powered by Koha